Rate of development and reproductive potential of the black melon bug, Coridius (Aspongopvs) vidua tvs f. (Hemiptera: Pentatomidae) in relation to constant temperatures (Record no. 46403)

MARC details
000 -LEADER
fixed length control field 02690cab a2200277Ia 45 0
001 - CONTROL NUMBER
control field u192665
003 - CONTROL NUMBER IDENTIFIER
control field SIRSI
008 - FIXED-LENGTH DATA ELEMENTS--GENERAL INFORMATION
fixed length control field 110607s2007 ua ss b eng d
040 ## - CATALOGING SOURCE
Original cataloging agency EAL
090 ## - LOCALLY ASSIGNED LC-TYPE CALL NUMBER (OCLC); LOCAL CALL NUMBER (RLIN)
Classification number (OCLC) (R) ; Classification number, CALL (RLIN) (NR) ART ICEE V1 30
100 1# - MAIN ENTRY--PERSONAL NAME
Personal name Ali, Abd El-Wahab M.
240 14 - UNIFORM TITLE
Uniform title The Second International Conference of Economic Entomology, 2007 v.1
Medium [electronic resource].
245 10 - TITLE STATEMENT
Title Rate of development and reproductive potential of the black melon bug, Coridius (Aspongopvs) vidua tvs f. (Hemiptera: Pentatomidae) in relation to constant temperatures
Medium [electronic resource].
300 ## - PHYSICAL DESCRIPTION
Extent p.445-452.
504 ## - BIBLIOGRAPHY, ETC. NOTE
Bibliography, etc. note Includes references.
520 ## - SUMMARY, ETC.
Summary, etc. The effects of constant temperatures of 24. 28 and 32°C on tlle rate of development and survival of different stages of the black melon bug (BMB). C. viduatus as well as on the reproductive potential of the adult were studied. The data indicate that the longest time required for the insect to complete its life cycle (81.59 days) was recorded at 24°C. whereas the soonest period (34.45 days) was recorded at 32°e. The morality rates were 57.31%. 64.67% and 70.14% at 24. 28 and 32°C, respectively. The calculated developmental threshold from egg to adult emergence of the pest was abomI8.15°e. By using this value as a base temperature, an average of about 439.03 day-degrees was calculated for the pest to complete its life cycle. The oviposition period was 121.7, 118.7 and 73.50 days at 24. 28 and 32°C. respectively. The highest number of eggs (462.05 eggs/female) was obtained at 28°C, the lowest number (23.10 eggs/female) was recorded at 24°e. The duration of one generation (GT) of the pest lasted about 206.96. 129.02 and 87.54 days; the population of the pest had the capacity to double (DT) every 105.02.23.18 and 14.87 days; the reproductive rates (Ra) were about 3.97, 47.95 and 59.59 times witten a single generation; the values of the intrinsic rate of increase (rm) were 0.0066, 0.0299 and 0.0466. and the population of the pest had a capacity to multiply (A) about 1.0066. 1.0304 and 1.0478 times per female per day at 24. 28 and 32°e. respectively. The calculated biological parameters indicated t1Iat temperatures of 32°C seem to be the most favorable themal zone for the development and reproduction of this pest.
596 ## -
-- 1
650 #0 - SUBJECT ADDED ENTRY--TOPICAL TERM
Topical term or geographic name entry element Melons
General subdivision Diseases and pests.
650 #0 - SUBJECT ADDED ENTRY--TOPICAL TERM
Topical term or geographic name entry element Hemiptera.
650 #0 - SUBJECT ADDED ENTRY--TOPICAL TERM
Topical term or geographic name entry element Stinkbugs.
700 1# - ADDED ENTRY--PERSONAL NAME
Personal name Nasser, Mohamed A.
700 1# - ADDED ENTRY--PERSONAL NAME
Personal name Gameel, Salah M. M.
700 1# - ADDED ENTRY--PERSONAL NAME
Personal name El-Hariry, Magdi A.
773 0# - HOST ITEM ENTRY
Title The Second International Conference of Economic Entomology.
Related parts 2007.v.1
Control subfield nnab
Record control number u192581
856 40 - ELECTRONIC LOCATION AND ACCESS
Uniform Resource Identifier <a href="http://nile.enal.sci.eg/EALE/2007/ICEE/Conf/107/445.pdf">http://nile.enal.sci.eg/EALE/2007/ICEE/Conf/107/445.pdf</a>
Public note Full Text Articles.
942 ## - ADDED ENTRY ELEMENTS (KOHA)
Koha item type Articles
Source of classification or shelving scheme Library of Congress Classification

No items available.


Home | About ENAL | Collections | Services | Activities | Calendar | Contact us

7 Nadi El Sayed St., Giza, Egypt | Phone:02-33351121 +02-33351313 | 
| Email: enalegypt@gmail.com